Statistics for Famous Indian Cricketers

Click here to take the quiz!

General Stats

  • This quiz has been taken 102 times
  • The average score is 5 of 8

Answer Stats

Answer% Correct
Rohit Sharma
93%
MS Dhoni
84%
Virat Kohli
78%
Rahul Dravid
60%
Umesh Yadav
54%
Sourav Ganguly
52%
Harbhajan Singh
51%
Sachin Tendulkar
33%

Score Distribution

Percentile by Number Answered

Percent of People with Each Score

Your Score History

You have not taken this quiz